000 00530cam a22002171 4500
001 sa 66003679
003 DLC
005 20260227112238.0
008 940604s1964 ii 000 1 malo
010 _asa 66003679
025 _aPL480:I-Mal-686
035 _a(OCoLC)30548987
040 _aDLC
_cCU
_dCU
_dDLC
050 0 0 _aPL4718.9.M326
_bK6
100 1 _aJoseph, Mattom,
_d1931-
245 1 0 _aKoccutr̲ēsyā.
260 _a[Kottayam,
_c1964]
300 _a147 p.
_c19 cm.
500 _aIn Malayalam.
500 _aA novel.
999 _c69056
_d69056